00388 2200157 4500245005100000020002200051250001100073100001900084650001500103005001900118260003300137041001400170084001100184300002600195336000900221 aDunia Batuan dan MineralcBeni AmbarjayahText a978-602-8808-21-7 aCet. 1 aBeni Ambarjaya aIlmu Murni a20230307112510 aBandungbWacana Gelora Cipta aIndonesia a552.09 avi, 78 hlm. :c22 cm. atext